Issues in recent Malaysia economic growth

Bibliographic Details
Format: Book
Published: Kuala Lumpur : Arena Ilmu , 1992
Subjects:

MARC

LEADER 00000cam a2200000 7i4500
001 0000002885
002 000003121
005 20000330.0
020 |a 9838050016 
090 0 0 |a 338.9595   |b ISS 
245 1 0 |a Issues in recent Malaysia economic growth   |c edited by Sulaiman Mahbob 
260 |a Kuala Lumpur :   |b Arena Ilmu ,   |c 1992 
300 |a 135p. :   |b ill. ;   |c 21cm. 
650 0 0 |a Development economics   |z Malaysia 
999 |a 036452   |b BUKU   |c MALAYSIANA   |e PERPUSTAKAAN KOMUNITI PETALING JAYA